Illuminance.

Saved in:
Bibliografiske detaljer
Hovedforfatter: Kawauchi, Rinko (Author)
Format: Bog
Udgivet: New York, United States: Aperture, 2011.
Udgivelse:First Edition.
Fag:
Tags: Tilføj Tag
Ingen Tags, Vær først til at tagge denne postø!

MARC

LEADER 00000nam a22000007a 4500
003 CL-VaPUC
005 20250407202436.0
008 250305t2011 ||||| |||| 00| 0 eng d
999 |c 447115  |d 447113 
020 |a 978-1-59711-144-7 
040 |c Pontificia Universidad Católica de Valparaíso 
082 |a 778.9 KAW 2011 
100 |9 896330  |a Kawauchi, Rinko  |e author 
245 |a Illuminance. 
250 |a First Edition. 
260 |a New York, United States:  |b Aperture,  |c 2011. 
300 |a sin numeración:  |b fotografías. 
500 |a c.1. Instituto Arcos.08-01-2025. 
583 |c 20250305  |k Gabriela Rodríguez Cuevas 
650 0 |9 268494  |a Fotografías  |x Sociedad y vida cotidiana  |z Japón  
942 |2 ddc  |c BK  |n 0 
952 |0 0  |1 0  |2 ddc  |4 0  |6 778_900000000000000_KAW_2011  |7 0  |8 A  |9 600588  |a BIBINC  |b BIBINC  |d 2025-03-05  |e Instituto Arcos  |i 5665426  |l 1  |o 778.9 KAW 2011  |p 5665426  |r 2025-04-14  |s 2025-04-07  |t 1  |w 2025-03-05  |y BK  |k IFP